Child art therapy : (رقم التسجيلة. 31832)

تفاصيل مارك
000 -الفاتح
حقل البيانات ثابتة الطول 01123cam a22003254a 4500
001 - رقم الضبط
رقم الضبط 13797165
003 - محدد رقم الضبط
رقم الضبط OSt
005 - وقت وتاريخ اخر تعامل مع التسجيلة
رقم الضبط 20150408114149.0
008 - عناصر البيانات ثابتة الطول - معلومات عامة
حقل البيانات ثابتة الطول 041123s2005 njua b 001 0 eng
010 ## - رقم ضبط مكتبة الكونجرس
رقم ضبط مكتبة الكونجرس 2004063719
020 ## - الرقم الدولى المعيارى للكتب
الرقم الدولى المعيارى للكتاب 1401879977
020 ## - الرقم الدولى المعيارى للكتب
الرقم الدولى المعيارى للكتاب 9780471679912
040 ## - مصدر الفهرسة
وكالة الفهرسة الأصلية DLC
وكالة النسخ DLC
وكالة التعديل DLC
042 ## - رمز التحقق
رمز التحقق pcc
050 00 - رقم طلب مكتبة الكونجرس
رقم التصنيف RJ505.A7
رقم المادة R8 2005
082 00 - رقم تصنيف ديوى العشرى
رقم التصنيف 618.92891656
رقم الطبعة 22
رقم المادة RJC
100 1# - المدخل الرئيسى - إسم شخصى
الإسم الشخصى Rubin, Judith Aron.
9 (RLIN) 39289
245 10 - بيان العنوان
العنوان Child art therapy :
بقية العنوان 25th anniversary edition /
بيان المسئوليه,etc Judith Aron Rubin.
250 ## - بيان الطبعة
بيان الطبعة 3rd ed.
260 ## - PUBLICATION, DISTRIBUTION, ETC. (IMPRINT)
مكان الناشر او الموزع Hoboken, NJ :
اسم الناشر او الموزع John Wiley,
تاريخ النشر أو التوزيع c2005.
300 ## - الوصف المادى
التعداد xlii, 422 p. :
تفاصيل ماديه اخرى للوعاء ill. ;
أبعاد الوعاء 24 cm. +
المادة المصاحبة 1 CD-ROM (4 3/4 in.)
504 ## - تبصرة ببليوجرافية
تبصرة ببليوجرافية,الخ Includes bibliographical references (p. 389-418) and index.
650 #0 - المدخل الاضافى بالموضوع-مصطلح موضوعى
مصطلح موضوعي أو اسم جغرافي كعنصر مدخل Art therapy for children.
9 (RLIN) 38504
650 #0 - المدخل الاضافى بالموضوع-مصطلح موضوعى
مصطلح موضوعي أو اسم جغرافي كعنصر مدخل Child psychotherapy.
9 (RLIN) 38732
650 #0 - المدخل الاضافى بالموضوع-مصطلح موضوعى
مصطلح موضوعي أو اسم جغرافي كعنصر مدخل Family psychotherapy.
9 (RLIN) 39290
650 #0 - المدخل الاضافى بالموضوع-مصطلح موضوعى
مصطلح موضوعي أو اسم جغرافي كعنصر مدخل Art
التقسيم الفرعي العام Study and teaching (Primary)
9 (RLIN) 39291
906 ## - عنصر بيانات محلى F, LDF (RLIN)
a 7
b cbc
c orignew
d 1
e ocip
f 20
g y-gencatlg
942 ## - عناصر المدخل الإضافي( كوها)
مصدر التصنيف او مخطط الترفيف Dewey Decimal Classification
Koha [default] item type كتاب
المقتنيات
حالة الفقد نموذج السعر الفعال حالة تلف ليس للاعارة رقم الطلب تاريخ الاكتساب الموقع الحالي الباركود الفرع الرئيسي Date last seen نوع المادة فى نظام كوها مصدر التصنيف او خطة الترفيف Total Checkouts
  2013-11-03     618.92891656 RJC 2013-11-03 المكتبة المركزية بالمجمعة (CL) 00404503 المكتبة المركزية بالمجمعة (CL) 2013-11-03 كتاب Dewey Decimal Classification  
  2013-11-03     618.92891656 RJC 2013-11-03 المكتبة المركزية بالمجمعة (CL) 00404504 المكتبة المركزية بالمجمعة (CL) 2013-11-03 كتاب Dewey Decimal Classification  
  2013-11-03     618.92891656 RJC 2013-11-03 المكتبة المركزية بالمجمعة (CL) 00404505 المكتبة المركزية بالمجمعة (CL) 2013-11-03 كتاب Dewey Decimal Classification  
  2013-11-03     618.92891656 RJC 2013-11-03 مكتبة مجمع الكليات بالزلفى - طلاب (SZM) 00404506 مكتبة مجمع الكليات بالزلفى - طلاب (SZM) 2013-11-03 كتاب Dewey Decimal Classification  
  2013-11-03     618.92891656 RJC 2013-11-03 مكتبة مجمع الكليات بالزلفى - طلاب (SZM) 00404507 مكتبة مجمع الكليات بالزلفى - طلاب (SZM) 2013-11-03 كتاب Dewey Decimal Classification